Statistics for Tudor Monarchs Quiz

Click here to take the quiz!

General Stats

  • This quiz has been taken 522 times
  • The average score is 6 of 6

Answer Stats

HintAnswer% Correct
1485-1509Henry VII
99%
1509-1547Henry VIII
97%
1558-1603Elizabeth I
96%
1553-1558Mary I
95%
1547-1553Edward VI
93%
1553Lady Jane Grey
85%

Score Distribution

Percentile by Number Answered

Percent of People with Each Score

Your Score History

You have not taken this quiz